000 00329nam a22001337a 4500
008 160613b xxu||||| |||| 00| 0 eng d
020 _a2901582553596
020 _a9781582553597
020 _a1582553599
041 _aeng
080 _a618.2
245 _aMaternal neuvborn nursing:
_carbara R. Stright RN,PHD;
942 _2udc
_cBK
999 _c2493
_d2493